01950nam a2200301Ia 4500952016100000952014600161952014600307952014600453952014600599952014600745952014600891952014601037952014601183999001501329003000401344005001701348008004101365020001801406040000901424082001801433100002201451245003901473250001301512260004701525300000901572650002501581942004201606 00102ddc40708MANAGEMENTaMESbMEScMANAGEMENTd2019-02-20g585.00l5m4o658.15 PAN/Fp35432r2020-06-26 00:00:00s2020-06-09t1w2019-02-20yBKzGL57R4 00102ddc40708MANAGEMENTaMESbMEScMANAGEMENTd2019-02-20g585.00l0o658.15 PAN/Fp35433r2019-02-20 00:00:00t2w2019-02-20yBKzGL57R4 00102ddc40708MANAGEMENTaMESbMEScMANAGEMENTd2019-02-20g585.00l0o658.15 PAN/Fp35434r2019-02-20 00:00:00t3w2019-02-20yBKzGL57R4 00102ddc40708MANAGEMENTaMESbMEScMANAGEMENTd2019-02-20g585.00l0o658.15 PAN/Fp35688r2019-02-20 00:00:00t9w2019-02-20yBKzGL57R4 00102ddc40708MANAGEMENTaMESbMEScMANAGEMENTd2019-02-20g585.00l0o658.15 PAN/Fp35689r2019-02-20 00:00:00t4w2019-02-20yBKzGL54R1 00102ddc40708MANAGEMENTaMESbMEScMANAGEMENTd2019-02-20g585.00l0o658.15 PAN/Fp35869r2019-02-20 00:00:00t5w2019-02-20yBKzGL54R1 00102ddc40708MANAGEMENTaMESbMEScMANAGEMENTd2019-02-20g585.00l0o658.15 PAN/Fp35870r2019-02-20 00:00:00t6w2019-02-20yBKzGL54R1 00102ddc40708MANAGEMENTaMESbMEScMANAGEMENTd2019-02-20g585.00l0o658.15 PAN/Fp35871r2019-02-20 00:00:00t7w2019-02-20yBKzGL54R1 00102ddc40708MANAGEMENTaMESbMEScMANAGEMENTd2019-02-20g585.00l0o658.15 PAN/Fp37199r2019-02-20 00:00:00t8w2019-02-20yBKzGL54R1 c7735d7735OSt20200116104956.0190216s9999||||xx |||||||||||||| ||und|| a9788125937142 coclc a658.15bPAN/F aPandey, I M91137 0aFinancial Management /cI M Pandey a10th ed. bVikas Publishing House,c2011.aNew Delhi: a879p xFinancial Management cBK2ddch658.15iPAN/Fk658.15mPAN/F